To kill a mockingbird (Record no. 571890)

000 -LEADER
fixed length control field 00510nam a22001817a 4500
003 - CONTROL NUMBER IDENTIFIER
control field CEME
005 - DATE AND TIME OF LATEST TRANSACTION
control field 20210628203028.0
008 - FIXED-LENGTH DATA ELEMENTS--GENERAL INFORMATION
fixed length control field 210128b xxu||||| |||| 00| 0 eng d
020 ## - INTERNATIONAL STANDARD BOOK NUMBER
International Standard Book Number 9780099549482
040 ## - CATALOGING SOURCE
Transcribing agency .
082 ## - DEWEY DECIMAL CLASSIFICATION NUMBER
Classification number 813.54 LEE
100 ## - MAIN ENTRY--PERSONAL NAME
Personal name Lee, Harper
9 (RLIN) 12255
245 ## - TITLE STATEMENT
Title To kill a mockingbird
260 ## - PUBLICATION, DISTRIBUTION, ETC.
Place of publication, distribution, etc. GREAT BRITIAN
Name of publisher, distributor, etc. ARROW BOOKS
Date of publication, distribution, etc. 2010
300 ## - PHYSICAL DESCRIPTION
Extent 309P
650 ## - SUBJECT ADDED ENTRY--TOPICAL TERM
Topical term or geographic name entry element FATHER AND DAUGHTER-FICITON. GIRLS-FICTION.TRIALS (RAPE)-FICTION RACE RELATIONS-FICTION
9 (RLIN) 62944
942 ## - ADDED ENTRY ELEMENTS (KOHA)
Koha item type Book
Source of classification or shelving scheme
Holdings
Withdrawn status Lost status Damaged status Not for loan Permanent Location Current Location Shelving location Date acquired Total Checkouts Total Renewals Full call number Barcode Checked out Date last seen Date last checked out Price effective from Koha item type
        College of Electrical & Mechanical Engineering (CEME) College of Electrical & Mechanical Engineering (CEME) General Stacks 07/24/2017 2 1 813.54 LEE CEME-45553 01/31/2026 11/14/2025 11/14/2025 06/28/2021 Book
© 2023 Central Library, National University of Sciences and Technology. All Rights Reserved.